00531cam a2200181 4500008004100000020001500041035002000056100002800076245004300104250001200147260004600159300002600205500001300231504002800244504003700272506001300309650002700322060809s2005 nyu 000 0 spa u a0199278083 a(Sirsi) a4552171 aHarvey, David, d 1935-14aThe new imperialism / c David Harvey. a1a. ed. aNew yorkbOxford University Press, c2005 axi, 275 p. ; c 20 cm aREVISADO aBibliografias p.237-244 aIncluye bibliografias e índice aPIFI 3.1 4aCultura xImperialismo